000
00333nam a2200133Ia 4500
008
221030s9999 xx 000 0 und d
041
_a
English
100
_a
B. Singh
245
0
_a
Engineering Mathematics : III
_c
by B. Singh
260
_b
Malhotra Borthers
_a
Jammu
_c
2015
300
_a
250
650
_a
BE Mathematics
942
_c
BK
999
_c
18379
_d
18379